<?xml version="1.0" encoding="UTF-8"?><?xml-stylesheet type="text/xsl" href="static/style.xsl"?><OAI-PMH xmlns="http://www.openarchives.org/OAI/2.0/" xmlns:xsi="http://www.w3.org/2001/XMLSchema-instance" xsi:schemaLocation="http://www.openarchives.org/OAI/2.0/ http://www.openarchives.org/OAI/2.0/OAI-PMH.xsd"><responseDate>2026-04-14T04:09:30Z</responseDate><request verb="GetRecord" identifier="oai:www.recercat.cat:10230/61295" metadataPrefix="marc">https://recercat.cat/oai/request</request><GetRecord><record><header><identifier>oai:recercat.cat:10230/61295</identifier><datestamp>2025-12-24T08:47:42Z</datestamp><setSpec>com_2072_6</setSpec><setSpec>col_2072_452952</setSpec></header><metadata><record xmlns="http://www.loc.gov/MARC21/slim" xmlns:dcterms="http://purl.org/dc/terms/" xmlns:xsi="http://www.w3.org/2001/XMLSchema-instance" xmlns:doc="http://www.lyncode.com/xoai" xsi:schemaLocation="http://www.loc.gov/MARC21/slim http://www.loc.gov/standards/marcxml/schema/MARC21slim.xsd">
   <leader>00925njm 22002777a 4500</leader>
   <datafield ind2=" " ind1=" " tag="042">
      <subfield code="a">dc</subfield>
   </datafield>
   <datafield ind2=" " ind1=" " tag="720">
      <subfield code="a">Berger, Gonzalo</subfield>
      <subfield code="e">author</subfield>
   </datafield>
   <datafield ind2=" " ind1=" " tag="260">
      <subfield code="c">2024-10-02T06:17:54Z</subfield>
   </datafield>
   <datafield ind2=" " ind1=" " tag="260">
      <subfield code="c">2024-10-02T06:17:54Z</subfield>
   </datafield>
   <datafield ind2=" " ind1=" " tag="260">
      <subfield code="c">2023</subfield>
   </datafield>
   <datafield ind2=" " ind1=" " tag="520">
      <subfield code="a">En los últimos años, diversas instituciones públicas del Estado español han&#xd;
programado, impulsado y ejecutado iniciativas relacionadas con la implementación de políticas públicas relativas a la «memoria democrática». Entre las iniciativas destacan la localización y exhumación de fosas comunes de represaliados y combatientes republicanos,&#xd;
la elaboración de censos que recogen los datos y características de los difuntos a causa&#xd;
del conflicto armado y la represión política, la creación de bancos de ADN públicos para&#xd;
la identificación de víctimas y, especialmente, la nueva Ley de Memoria Democrática impulsada por el Gobierno de España, la 20/2022, en virtud de la cual, los crímenes cometidos durante la guerra y la dictadura militar pueden ser revisados y juzgados por una fiscalía especializada, tipificándolos como crímenes contra la humanidad.&#xd;
El presente estudio aporta nuevos datos, cuantitativos y cualitativos, relacionados con los&#xd;
combatientes republicanos muertos durante el verano de 1936, en el contexto de la batalla&#xd;
de Mallorca –tanto las bajas en combate como los asesinados en la retaguardia de los&#xd;
sublevados tras ser capturados–, y que han de ser útiles para la correcta implementación&#xd;
de las políticas de memoria democrática en Catalunya y las Islas Baleares.</subfield>
   </datafield>
   <datafield tag="653" ind2=" " ind1=" ">
      <subfield code="a">Mallorca</subfield>
   </datafield>
   <datafield tag="653" ind2=" " ind1=" ">
      <subfield code="a">Memoria</subfield>
   </datafield>
   <datafield tag="653" ind2=" " ind1=" ">
      <subfield code="a">Combatientes</subfield>
   </datafield>
   <datafield tag="653" ind2=" " ind1=" ">
      <subfield code="a">Muertos fosas</subfield>
   </datafield>
   <datafield ind2="0" ind1="0" tag="245">
      <subfield code="a">La batalla de Mallorca (16 de agosto -3 de septiembre de 1936): estudio cuantitativo y perfil de los expedicionarios republicanos muertos en combate</subfield>
   </datafield>
</record></metadata></record></GetRecord></OAI-PMH>